MARC details
| 000 -LEADER |
| fixed length control field |
02883nam a2200325 i 4500 |
| 003 - CONTROL NUMBER IDENTIFIER |
| control field |
CSPC |
| 005 - DATE AND TIME OF LATEST TRANSACTION |
| control field |
20230808160602.0 |
| 008 - FIXED-LENGTH DATA ELEMENTS--GENERAL INFORMATION |
| fixed length control field |
230801s2021 nyua b 001 0 eng |
| 010 ## - LIBRARY OF CONGRESS CONTROL NUMBER |
| LC control number |
2020050515 |
| 020 ## - INTERNATIONAL STANDARD BOOK NUMBER |
| International Standard Book Number |
9780367256661 |
| Qualifying information |
(paperback) |
| 040 ## - CATALOGING SOURCE |
| Original cataloging agency |
DLC |
| Language of cataloging |
eng |
| Description conventions |
rda |
| Transcribing agency |
DLC |
| Modifying agency |
CSPC |
| 050 00 - LIBRARY OF CONGRESS CALL NUMBER |
| Classification number |
PN1992.8.L5 |
| Item number |
M66 2021 |
| 082 00 - DEWEY DECIMAL CLASSIFICATION NUMBER |
| Classification number |
791.45025 |
| Item number |
M771l |
| 100 1# - MAIN ENTRY--PERSONAL NAME |
| Personal name |
Moody, James L., |
| Relator term |
author. |
| 245 10 - TITLE STATEMENT |
| Title |
Lighting for televised live events : |
| Remainder of title |
making your live production look great for the eye and the camera / |
| Statement of responsibility, etc. |
James L. Moody and Jeff Ravitz. |
| 250 ## - EDITION STATEMENT |
| Edition statement |
First edition. |
| 264 #1 - PRODUCTION, PUBLICATION, DISTRIBUTION, MANUFACTURE, AND COPYRIGHT NOTICE |
| Place of production, publication, distribution, manufacture |
New York, NY : |
| Name of producer, publisher, distributor, manufacturer |
Routledge, |
| Date of production, publication, distribution, manufacture, or copyright notice |
2021. |
| 300 ## - PHYSICAL DESCRIPTION |
| Extent |
xiv, 167 pages : |
| Other physical details |
color illustrations ; |
| Dimensions |
28 cm. |
| 336 ## - CONTENT TYPE |
| Content type term |
text |
| Content type code |
txt |
| Source |
rdacontent |
| 337 ## - MEDIA TYPE |
| Media type term |
unmediated |
| Media type code |
n |
| Source |
rdamedia |
| 338 ## - CARRIER TYPE |
| Carrier type term |
volume |
| Carrier type code |
nc |
| Source |
rdacarrier |
| 504 ## - BIBLIOGRAPHY, ETC. NOTE |
| Bibliography, etc. note |
Includes bibliographical references and index. |
| 505 0# - FORMATTED CONTENTS NOTE |
| Formatted contents note |
The science -- The art -- The equipment -- The production. |
| 520 ## - SUMMARY, ETC. |
| Summary, etc. |
"Lighting for live televised events unlocks the science, art, philosophies, and language of creating lighting for live entertainment and presentations that work for the television camera as well as for the live audience. The book explores how to retain the essence and excitement of a live production while assuring that the show looks its best on-camera for the millions of viewers that can only see it on their TV, computer, tablet, or mobile phone screen. Readers will learn how to adapt an existing stage show for the camera, as well as how to design live entertainment or events specifically for TV. Filled with real-life examples and illustrations, the book covers a wide range of topics, including : how exposure and color work for the camera ; how angle, visual balance, and composition can make people and backgrounds look their best, while preserving theatricality ; information on camera equipment, screens, and projectors, as well as the control room environments that are found on a professional shoot ; the unique challenges of lighting for the IMAG video screens used at festivals and concerts. Lighting for live televised events is aimed at lighting design students, as well as professional designers that are considering a career - or a career expansion - in television. It is an essential resource for any stage lighting designer whose show may be shot for a television special or a live webcast and who will be asked by their client to collaborate with the incoming video team"-- |
| Assigning source |
Provided by publisher. |
| 650 #0 - SUBJECT ADDED ENTRY--TOPICAL TERM |
| Topical term or geographic name entry element |
Television |
| General subdivision |
Lighting. |
| 700 1# - ADDED ENTRY--PERSONAL NAME |
| Personal name |
Ravitz, Jeff, |
| Relator term |
author. |
| 776 08 - ADDITIONAL PHYSICAL FORM ENTRY |
| Relationship information |
Online version: |
| Main entry heading |
Moody, James L., |
| Title |
Lighting for televised live events |
| Edition |
First edition. |
| Place, publisher, and date of publication |
New York, NY : Routledge, 2021. |
| International Standard Book Number |
9780429288982 |
| Record control number |
(DLC) 2020050516 |
| 942 ## - ADDED ENTRY ELEMENTS (KOHA) |
| Source of classification or shelving scheme |
Dewey Decimal Classification |
| Koha item type |
Books |
| Classification part |
791.45025 |
| Item part |
M771l |
| Call number prefix |
CIR |
| Call number suffix |
2021 |
| Suppress in OPAC |
No |
| Edition |
23 |